000 00670nam a2200241Ia 4500
003 OSt
005 20220928125142.0
006 a|||||r|||| 00| 0
007 ta
008 220927b |||||||| |||| 00| 0 eng d
024 _a35418
037 _cTextual
040 _aSDCL
_cSDCL
_beng
041 _2eng
_aeng
082 _aX:(G:55), N3
100 _aFaber Malte
_9385984
245 0 _aEvolution,time,production and the environment.
260 _aBerlin
_bSpringer-Verlag
_c1993
300 _axvii,288p
_ccm.
700 _a Proops John L R
_9385985
942 _hX:(G:55), N3
_cTEXL
_2CC
999 _c781140
_d781140